00936cam a22002655a 45000010009000000050017000090080041000260200029000670200025000960400023001210820019001441000024001632450074001872600032002613000033002935000024003265040031003506500037003816530022004186550024004407000026004649420008004909990017004989520155005151773773620150428140600.0130514s2014 caua frb 001 0 eng d a9781446207345 (hardback) a9781446207352 (pbk.) aDLCcDLCdEG-ScBUE04222a070.4bHIL1 aHill, Steve.93776810aOnline journalism :bthe essential guide /cSteve Hill, Paul Lashmar. aLos Angeles :bSAGE,c2014. axi, 290 p. :bill. ;c23 cm. aIndex : p. 284-290. aBibliography : p. 272-283. 72BUEshaOnline journalism.937766 bCOMAMEcApril2015 vreading book9342321 aLashmar, Paul.937767 2ddc c19235d19207 00102ddc40708AlahramaMAINbMAINcLOWd2015-04-28epurchaseg312.00h331l3m13o070.4 HILp000038086r2025-07-15 00:00:00s2023-03-06v390.00yBB